000 01713nam a2200337 i 4500
003 DO-SdBNP
005 20260212083001.0
007 ta
008 250424b2010 pr ||||| |||| 00| 0 spa d
020 _a9781932766134
040 _aDO-SdBNP
_bspa
_cBNPHU
_erda
041 _aspa
082 4 _a320.9729305
_bS447
_222
100 1 _aSeda Prado, Jorge,
_eautor
_4aut.
_9987
245 1 0 _aAl rescate de la patria :
_blos intelectuales y el discurso político-cultural en la República Dominicana en la época postrujillista 1960-1970 /
_cJorge Seda Prado
250 _aPrimera edición
264 4 _aArecibo, Puerto Rico :
_bCentro de Estudios Iberoamericanos:
_bLibrería la Tertulia,
_c©2010.
300 _a271 páginas ;
_c22 cm.
336 _atexto
_btxt
_2rdacontent
337 _asin mediación
_bn
_2rdamedia
338 _avolumen
_bnc
_2rdacarrier
500 _aIncluye referencias bibliográficas y notas al pie de las páginas
500 _aIncluye datos biográficos del autor en las solapas
504 _aBibliografía : páginas 265- 271
505 _aEl intelectual en la modernidad -- El intelectual latinoamericano del siglo XX -- Raza, lucha de clases y modernidad en el pensamiento de Hugo Tolentino Dipp -- Nación, integración racial y modernidad en le pensamiento de Franklin Franco Pichard -- Mestizaje, identidad cultural y modernización en el pensamiento de Carlos Esteban Deive -- Antiimperialismo, nación y modernidad en el pensamiento de Roberto Cassá.
590 _aInventariado, 2025/BT
651 7 _aRepública Dominicana
_xPolítica y gobierno
_y1961-
_9204
651 7 _aRepública Dominicana
_xVida intelectual
_ySiglo XX
_912419
910 _aBtavárez
942 _2ddc
_cLBS1
999 _c58790
_d58790